000 00376nam a22001457a 4500
020 _a0071183450
040 _cNust
082 _a516.2
_bRIC
100 _aBarnet Rich
_9127424
245 _aTheory and problems of Geometry
250 _a3rd edition
260 _aNew York:
_bMcGraw Hill,
_c2000.
650 _aTheory and problems of Geometry
_9127425
942 _2ddc
_cBK
999 _c612555
_d612555